| 000 | 00464cam a2200181ua 4500 | ||
|---|---|---|---|
| 020 | _cRs 2.50 | ||
| 041 |
_amal _h |
||
| 082 |
_a894.812 1 _bEZH/BH |
||
| 100 | _aEzhuthachan, Thunchath . | ||
| 245 |
_aBheeshma parvam / _cThunchath Ezhuthachan. _hTextual Documents |
||
| 260 |
_aKozhicode : _bTouring Book Stall , _c1970. |
||
| 300 | _a107 ; . | ||
| 365 | _aRs 2.50 | ||
| 504 | _a | ||
| 650 | _aPoems - Malayalam | ||
| 942 | _cBK | ||
| 999 |
_c568 _d568 |
||